| 000 | 00416cam a22001217a 4500 | ||
|---|---|---|---|
| 008 | 180718b1979 xxu||||| |||| 00| 0 eng d | ||
| 082 | _aA81x54 In2/71/9/PT5A | ||
| 100 | _aCensus of India 1971 | ||
| 245 | _aKerala: special tables for scheduled castes and scheduled tribes | ||
| 260 |
_aNew Delhi _bThe Controller of Publications _c1979 |
||
| 300 | _a176+p. | ||
| 440 | _aCensus of India 1971. Series-9, Kerala. Part V-A | ||
| 999 |
_c485225 _d485225 |
||